| 000 | 00622nam a2200157Ia 4500 | ||
|---|---|---|---|
| 008 | 100122s9999 xx 000 0 und d | ||
| 082 |
_b67061 _a136.7 |
||
| 100 | _aमराठे रमा | ||
| 245 | _aअसे घडवा मुलांचे व्यक्तिमत्त्व | ||
| 250 | _a3 | ||
| 260 |
_bमेहता पब्लिकेशन हाऊस _c2004 |
||
| 300 | _a168 | ||
| 630 | _aअसे घडवा मुलांचे व्यक्तिमत्त्व | ||
| 730 | _aअसे घडवा मुलांचे व्यक्तिमत्त्व | ||
| 942 | _cBOOK | ||
| 999 |
_c439357 _d439354 |
||